La mente en acción
Uloženo v:
| Hlavní autor: | |
|---|---|
| Médium: | Kniha |
| Jazyk: | španělština |
| Vydáno: |
Buenos Aires
Aique
1999
|
| Edice: | Colección Psicología Cognitiva y Educación
|
| Témata: | |
| Tagy: |
Přidat tag
Žádné tagy, Buďte první, kdo vytvoří štítek k tomuto záznamu!
|
MARC
| LEADER | 00000nam a2200000 a 4500 | ||
|---|---|---|---|
| 001 | UCM1705 | ||
| 003 | CL-VaPUC | ||
| 008 | 020412e19990000AG |||||||||||||||||spa|d | ||
| 082 | 0 | 4 | |a 302 |b WER |2 21 |
| 100 | 0 | |a Wertsch, James V |e author |9 468489 | |
| 245 | 1 | 3 | |a La mente en acción |
| 300 | |a 304 p | ||
| 942 | |c BK | ||
| 945 | |d 20020412 00:00:00 |a vberengu | ||
| 260 | |a Buenos Aires |b Aique |c 1999 | ||
| 650 | 0 | |a Psicología |9 257863 | |
| 650 | 0 | |a Psicología social |9 222894 | |
| 650 | 0 | |a Mente |9 330838 | |
| 650 | 7 | |a PROCESOS MENTALES |2 CL-VaPUC |9 370472 | |
| 583 | |a last modification |c 20020412 00:00:00 |k Rodrigo Vera | ||
| 490 | 0 | |a Colección Psicología Cognitiva y Educación | |
| 999 | |c 299951 |d 299949 | ||
| 952 | |0 0 |1 0 |4 0 |6 302_000000000000000_WER_1999 |7 0 |8 A |9 357132 |a BIBEDU |b BIBEDU |d 2019-11-21 |i 3805255 |o 302 WER 1999 |p 3805255 |r 2019-11-21 |w 2019-11-21 |y BK |k EDU | ||
| 952 | |0 0 |1 0 |4 0 |6 302_000000000000000_WER_1999 |7 0 |8 A |9 357133 |a BIBEDU |b BIBEDU |d 2019-11-21 |i 3918548 |o 302 WER 1999 |p 3918548 |r 2019-11-21 |w 2019-11-21 |y BK |k EPE | ||